|
|
|
|
| LEADER |
00921nam a2200169Ia 4500 |
| 008 |
101008s9999 xx 000 0 eng d |
| 082 |
|
|
|a 372.1334
|
| 100 |
|
|
|a Aggarwal, J C
|
| 245 |
|
|
|a Essentials of educational technology :
|b teaching learning innovations in education /
|c J. C. Aggarwal .
|
| 260 |
|
|
|a New Delhi :
|b Vikas Publishing House,
|c 1995.
|
| 300 |
|
|
|a 463p. ;
|c 22cm.
|
| 650 |
|
|
|a Teaching Technology
|2 Education, Elementary--Computer-assisted instruction
|v Internet in education
|
| 942 |
|
|
|c BK
|
| 999 |
|
|
|c 183576
|d 183576
|
| 952 |
|
|
|0 0
|1 0
|4 0
|7 0
|9 202869
|a EDU
|b EDU
|c ST1
|d 2010-10-20
|i 5173
|l 9
|p EDU5173
|r 2019-10-15
|s 2019-07-29
|w 2010-10-20
|y BK
|
| 952 |
|
|
|0 0
|1 0
|2 ddc
|4 0
|6 371_330000000000000_AGG_E
|7 0
|9 203198
|a EDU
|b EDU
|c ST1
|d 2010-10-20
|i 5512
|o 371.33 AGG/E
|p EDU5512
|r 2021-10-04
|y BK
|
| 952 |
|
|
|0 0
|1 0
|2 ddc
|4 0
|6 372_133400000000000_AGG_E
|7 0
|9 383155
|a LLE
|b LLE
|c ST1
|d 1998-01-01
|g 450.00
|i 1207
|l 0
|o 372.1334 AGG/E
|p LLE1207
|r 2019-05-07
|y BK
|